Регионална библиотека "Любен Каравелов" - Русе

Народностно потекло и национално самосъзнание (Запис номер 70867)

MARC детайли
000 -Лидер
Контролно поле с фиксирана дължина 01913nam a2200409 c 4500
003 - Код на организацията, давaща контролен номер
Контролно поле BLK
005 - Дата и час на последна редакция
Контролно поле 20180422103155.0
008 - Елементи от данни с фиксирана дължина
fixed length control field 180408b bul|||||r ||||||| ||bul||
010 ## - Наследен системен номер
LC control number KNG00075230000
020 ## - Международен стандартен номер на книга ISBN
Международен стандартен номер на книга ISBN 978-954-535-454-0
-- издат.: Нов бълг. унив.
040 ## - Източник на каталожния запис
Идентификатор на билиотеката - собственик на записа BLK
041 ## - Код за език
Код за езика на текст/звукозапис или на отделно заглавие Български
Код за езика КДБФ Български
080 ## - УДК
Текстов определител УДК Нации, раси - социология. Некръвнородствени категориални групи
УДК код - определител по УДК 316.356.4
УДК определител
УДК - код + определител 316.356.4
080 ## - УДК
Текстов определител УДК История на България
УДК код - определител по УДК 94(497.2)
УДК определител :930.1
УДК - код + определител 94(497.2):930.1
080 ## - УДК
Текстов определител УДК Български език
УДК код - определител по УДК 811.163.2
УДК определител -02
УДК - код + определител 811.163.2-02
100 1# - Редна дума - Автор
Автор Цветков, Пламен Симеонов
Авторска отговорност първи автор
R(LIN) 365784
139 ## - Редно поле
Редна дума Цветков, Пламен Симеонов
Авторски знак Цветк - Ц 34
245 10 - Сведения за заглавието
Заглавие Народностно потекло и национално самосъзнание
Редно поле (дума) Пламен Симеонов Цветков.
257 ## - Страна на издаване
Страна на създаване/издаване България
260 ## - Област на издателските данни
-- София
Име на издателя, разпространителя и проч. Нов бълг. унив.
Година на издаване 2007
300 ## - Физическа характеристика
Страници 552 с.
Размери/Мащаб 24 см
380 ## - Жанр
Жанр Обществени науки
500 ## - Общи забележки
Забележка Библиогр. с. 533-540 ; Рез. на англ. ез. ; Показалец на думите от възможно древнобългарско "прабългарско" потекло, анализирани в текста ; Именен показалец
504 ## - Забележка за наличие на библиография и др
Забележка за наличие на библиография и под. 533-540
650 #4 - Допълнително описание по предмет – тема
Основно описание – тема или топоним Нация - философско-исторически аспекти
9 (RLIN) 258955
650 #4 - Допълнително описание по предмет – тема
Основно описание – тема или топоним Национален въпрос и национална политика
9 (RLIN) 280019
650 #4 - Допълнително описание по предмет – тема
Основно описание – тема или топоним Българи - произход
9 (RLIN) 264498
653 ## - Ключова дума – ненормативна
Ключова дума етноси
653 ## - Ключова дума – ненормативна
Ключова дума нации
653 ## - Ключова дума – ненормативна
Ключова дума национална самоличност
653 ## - Ключова дума – ненормативна
Ключова дума българи
852 ## - Местоположение
Форматна сигнатура Цб 234032
856 4# - Електронен адрес и достъп
Електронен формат pdf - файл
Път до файла /url/
856 4# - Електронен адрес и достъп
Електронен формат pdf - файл
Път до файла /url/
942 ## - АРТИКУЛИ
Вид на библиотечния материал Книги
Скрит в OPAC Не
944 ## - СЪЗДАВАНЕ И РЕДАКЦИЯ на ЗАПИСА
Създаване/Редакция Създаване
Дата на регистрацията/редакция 21.05.2007
Служител, извършил регистрацията/редакцията Геновева_Генчева
944 ## - СЪЗДАВАНЕ И РЕДАКЦИЯ на ЗАПИСА
Създаване/Редакция Редакция
Дата на регистрацията/редакция 28.11.2007
Служител, извършил регистрацията/редакцията
999 ## - СИСТЕМНИ КОНТРОЛНИ НОМЕРА
Koha biblionumber 70867
Koha biblioitemnumber 70867
Наличности
Код за отписване Код за изгубен артикул Код за повреда Коз за рестрикции Код за отдаване Артикулен № Име на библиотеката - собственик Име на библиотеката, в която се намира в момента Статус (Текущо местоположение) Дата на вписване в системата Местоположение - отдел Цена в лева Инвентарен номер Систематично азбучна сигнатура Баркод Номер на екземпляра Цена в евро Служебна бележка Служебен тип на артикула
  Не е изгубен Не е повреден без рестрикции ползва се в читалня 115692 Регионална библиотека "Любен Каравелов" Русе Регионална библиотека "Любен Каравелов" Русе Читалня 2007-05-21 Читалня 25.00 120000713776 Ч 316/Ц 34 120000713776 1 12.78 Дост: Pk Вид: Ф N: 4372 Дата: 08.05.2007 Дата инв: 22.03.2017 Бележки инв: Ч2017 Книги
  Не е изгубен Не е повреден без рестрикции ползва се в читалня 115693 Регионална библиотека "Любен Каравелов" Русе Регионална библиотека "Любен Каравелов" Русе Хранилище 2007-11-21 Хранилище 25.00 120000720092 Цб 234032 120000720092 2 12.78 Дост: Dp Вид: Д N: 32 Дата: 18.07.2007 Книги
Vip Innovations Ltd, Rousse, Bulgaria 2025